Staatsmacht und Seelenheil Gegenreformation und Geheimprotestantismus in der Habsburgermonarchie
| Other Authors: | , , |
|---|---|
| Format: | Book |
| Language: | German |
| PhysicalDescription: | 420 s. ilustr., mp. 24 cm |
| Published: |
Wien
R. Oldenbourg
2007
|
| ISBN: | 9783702905460 (Wien : brož.) 9783486580785 (München) 3702905464 (Wien : brož.) 3486580787 (München) |
| ISSN: | 1012-5722 |
| Series: | Veröffentlichungen des Instituts für Österreichische Geschichtsforschung
|
| Subjects: |
MARC
| LEADER | 00000cam a2200000 a 4500 | ||
|---|---|---|---|
| 001 | vtls009515511 | ||
| 003 | SK-MaSNL | ||
| 005 | 20260301171303.0 | ||
| 008 | 251029s2007 au ab f n 101 0 ger | ||
| 015 | |a SNBZSA2011-00344 | ||
| 020 | |a 9783702905460 (Wien : brož.) | ||
| 020 | |a 9783486580785 (München) | ||
| 020 | |a 3702905464 (Wien : brož.) | ||
| 020 | |a 3486580787 (München) | ||
| 035 | |a (CZ PrNK)zpk20071783339 | ||
| 035 | |a urn:nbn:sk:snk-amlg1y | ||
| 035 | |a urn:nbn:sk:snk-am0093eo | ||
| 035 | |a 24A91600-FA05-47C6-A266-D5FF4A0FC369 | ||
| 040 | |a SNK |b slo |c SNK |e AACR2 | ||
| 041 | 0 | |a ger | |
| 043 | |a ec----- | ||
| 044 | |a au |c AT | ||
| 072 | 7 | |a 27-9 |x Dejiny kresťanskej cirkvi |2 konspekt | |
| 072 | 7 | |a 322 |x Vzťahy medzi cirkvou a štátom |2 konspekt | |
| 080 | |a 27-9"15/17" |x (4-191.2) |x (063) |2 2001 | ||
| 080 | |a 272-838-662-768 |2 2001 | ||
| 080 | |a 27-4 |2 2001 | ||
| 080 | |a 314.15-026.49:2 |2 2001 | ||
| 080 | |a 2-67 |2 2001 | ||
| 080 | |a 322 |2 2001 | ||
| 080 | |a (4-191.2) |2 2001 | ||
| 080 | |a (062.534) |2 2001 | ||
| 245 | 0 | 0 | |a Staatsmacht und Seelenheil |b Gegenreformation und Geheimprotestantismus in der Habsburgermonarchie |c herausgegeben von Rudolf Leeb, Susanne Claudine Pils und Thomas Winkelbauer |
| 260 | |a Wien |b R. Oldenbourg |c 2007 | ||
| 300 | |a 420 s. |b ilustr., mp. |c 24 cm | ||
| 490 | 1 | |a Veröffentlichungen des Instituts für Österreichische Geschichtsforschung |x 1012-5722 |v Bd. 47 | |
| 504 | |a Bibliogr. odkazy. Bibliogr. s. 405-406. Reg. | ||
| 600 | 3 | 7 | |a Habsburg (rod) |2 SNKMA |
| 648 | 7 | |a 17. stor. |2 SNKPH |9 288141 | |
| 650 | 0 | 7 | |a protireformácia |2 SNKPH |9 4020 |
| 650 | 0 | 7 | |a rekatolizácia |2 SNKPH |9 29768 |
| 650 | 0 | 7 | |a náboženský život |2 SNKPH |9 1995 |
| 650 | 0 | 7 | |a náboženská emigrácia |2 SNKPH |9 105473 |
| 650 | 0 | 7 | |a štát a cirkev |2 SNKPH |9 4233 |
| 650 | 0 | 7 | |a cirkevné dejiny |y 17. stor. |2 snkph |9 538733 |
| 651 | 7 | |a Európa stredná |2 SNKPH |9 23970 | |
| 655 | 7 | |a zborníky konferencií |2 SNKPH |9 70153 | |
| 700 | 1 | |a Leeb, Rudolf, |d 1958- |4 edt |9 417866 | |
| 700 | 1 | |a Pils, Susanne Claudine |4 edt |9 121838 | |
| 700 | 1 | |a Winkelbauer, Thomas, |d 1957- |4 edt |9 414241 | |
| 830 | 0 | |a Veröffentlichungen des Instituts für Österreichische Geschichtsforschung |9 414242 | |
| 919 | |a 978-3-7029-0546-0 | ||
| 919 | |a 978-3-486-58078-5 | ||
| 919 | |a 3-7029-0546-4 | ||
| 919 | |a 3-486-58078-7 | ||
| 958 | |a ZS | ||
| 958 | |a AT | ||
| 958 | |a NT | ||
| 999 | |c 830367 |d 832297 | ||
| 952 | |a SNK |b SNK |y PREZ |7 0 |p 17A0659760 |o snkSC 140452 |i snk2010/10771 |8 2 |g 59.80 |0 0 |1 0 |4 0 |d 2010-05-18 |f 1 |l 0 |r 2025-07-08 00:00:00 |w 2026-02-24 | ||


